000 00259nam a2200109Ia 4500
008 220701s9999 xx 000 0 und d
020 _a9781408831656
082 _a158 ROBE
100 _aROBERTSON IAN
_9159249
245 4 _aTHE WINNER EFFECT
942 _cBK
_w561
_xJohn Tresidder
_y561
_zJohn Tresidder
999 _c705259
_d705258